LEADER 01242nam a2200277 u 4500 001 000000116695 003 CaOOAMICUS 005 20090717162418.0 008 090717s2009 it u000 u ita r 020 $z978-88-6030-261-8* 040 $aPUL$bita$dLDB 245 00$aCocaina :$bconsumo, psicopatologia, trattamento /$ca cura di Paolo Rigliano e Emanuele Bignamini. 260 $aMilano :$bRaffaello Cortina,$cc2009. 300 $axv, 350 p. ;$c23 cm. 490 1 $aCollana di psicologia clinica e psicoterapia ;$v211 504 $aContiene bibliografia. 650 4$aCocaina.$0(OLS)http://pul/subject/35622 700 1 $aRigliano, Paolo.$0(OLS)http://pul/name/66197 700 1 $aBignamini, Emanuele.$0(OLS)http://pul/name/72511 830 0$aCollana di psicologia clinica e psicoterapia ;$v211.$0(OLS)http://pul/title/12189 850 $aPUL 852 $aPUL$W1$xSL Filosofia 1$y2$m97 S 211$j133800$qStampati$B132832$CPULBib$Z2$F132832 $H111101 $82 941 1 $a8 996 $6020$z978-88-6030-261-8*$9(OLS)http://pul/number/141483 996 $6245$aCocaina :$bconsumo, psicopatologia, trattamento$9(OLS)http://pul/title/146686 996 $6260$aMilano :$bRaffaello Cortina$9(OLS)http://pul/publisher/63509 LEADER 01557nam a2200349 a 4500 001 000000130349 003 CaOOAMICUS 005 20130222101256.0 008 120924s2012 it u000 u ita r 020 $a978-88-7105-310-3 040 $aPUL$bita 082 04$a198.9 100 1 $aMorelli, Sergio.$0(OLS)http://pul/name/83537 245 12$aL'emergere della soggettività in Kierkegaard /$cSergio Morelli. 260 $aMilano :$bGlossa,$c©2012. 300 $aVI, 219 p. ;$c24 cm 490 1 $aDissertatio.$aSeries Mediolanensis ;$v21 502 $aTesi -- Facoltà teologica dell'Italia Settentrionale. 2011. 504 $aBibliografia: p. 216-219. 600 14$aKierkegaard, Søren,$d1813-1855$xFilosofia.$0(OLS)http://pul/subject/8669 710 2 $aFacoltà teologica dell'Italia settentrionale.$kTesi.$0(OLS)http://pul/name/85655 830 0$aDissertatio.$pSeries Mediolanensis ;$v21.$0(OLS)http://pul/title/71364 850 $aPUL 852 $aPUL$W1$xDP1 Tesi Fac It.Settentrionale$y34$m2012 B 4$j150310$qTesi$B152348$CPULBib$Z2$F152348 $82 852 $aPUL$W1$xSL Filosofia 3$y81$m198. 9 MORSE 1$j150873$qDDC 21$q $B149458$CPULBib$Z2$F149458 $H120213 $81 941 1 $a9 941 1 $a16 996 $6020$a978-88-7105-310-3$9(OLS)http://pul/number/150575 996 $6082$a198.9$9(OLS)http://pul/classification/2167 996 $6245$aL'emergere della soggettività in Kierkegaard$9(OLS)http://pul/title/164748 996 $6260$aMilano :$bGlossa$9(OLS)http://pul/publisher/53656